Biosensors an Introductory Textbook (Record no. 176208)
[ view plain ]
| 000 -LEADER | |
|---|---|
| fixed length control field | 00378nam a22001577a 4500 |
| 005 - DATE AND TIME OF LATEST TRANSACTION | |
| control field | 20250822123921.0 |
| 020 ## - INTERNATIONAL STANDARD BOOK NUMBER | |
| ISBN | 978-981-4745-94-9 |
| 041 ## - LANGUAGE CODE | |
| Language code of text/sound track or separate title | English |
| 082 ## - DEWEY DECIMAL CLASSIFICATION NUMBER | |
| Classification number | 610.28 Q17 NAR |
| 100 ## - MAIN ENTRY--AUTHOR NAME | |
| Personal name | Narang Jagriti |
| 245 ## - TITLE STATEMENT | |
| Title | Biosensors an Introductory Textbook |
| 260 ## - PUBLICATION, DISTRIBUTION, ETC. (IMPRINT) | |
| Place of publication | Singapore |
| Name of publisher | Pan Stanford Publishing |
| Year of publication | 2017 |
| 300 ## - PHYSICAL DESCRIPTION | |
| Number of Pages | 160 |
| 365 ## - TRADE PRICE | |
| Price amount | 7775.00 |
| 942 ## - ADDED ENTRY ELEMENTS (KOHA) | |
| Koha item type | Books |
| Withdrawn status | Lost status | Home library | Current library | Shelving location | Date acquired | Cost, normal purchase price | Full call number | Accession Number | Cost, replacement price | Department | Koha item type |
|---|---|---|---|---|---|---|---|---|---|---|---|
| PSG-CAS LIBRARY | PSG-CAS LIBRARY | REF RACK 21 SHELF 3 | 22/08/2025 | 7775.00 | 610.28 Q17 NAR | 151921 | 7775.00 | Biotechnology | Books | ||
| PSG-CAS LIBRARY | PSG-CAS LIBRARY | REF RACK 21 SHELF 3 | 22/08/2025 | 7775.00 | 610.28 Q17 NAR | 151922 | 7775.00 | Biotechnology | Books |